000
00326nam a22001457a 4500
082
_a
346.05 DYM
100
_a
Dymond,Robert
245
_a
The death duties
250
_a
12th
260
_a
London
_c
1951
300
_a
xxxviii
_b
23cm.
500
_a
Includes indexes and appendixes
650
_a
The death duties
942
_c
BK
999
_c
16694
_d
16694